Image Word Wheel VII Quiz Stats

 Plays Quiz Updated Oct 16, 2018

Score 0/14 Timer 02:00
1 Play Today
% Correct
BOAT
98.6%
SOAP
98.3%
CORN
98.1%
CHIN
97.7%
SLAP
97.7%
GOAT
97.1%
CLIP
97.1%
% Correct
BOAR
96.4%
COIN
95.9%
SOAR
92.8%
CHIP
92%
SLIP
90.9%
GORN
59.5%
GORT
58.2%

You're not logged in!

Compare scores with friends on all Sporcle quizzes.
OR
Log In

Show Comments

Extras

Top Quizzes Today


Score Distribution

Your Account Isn't Verified!

In order to create a playlist on Sporcle, you need to verify the email address you used during registration. Go to your Sporcle Settings to finish the process.

Report this User

Report this user for behavior that violates our Community Guidelines.

Details: